000 00333nam a22001457a 4500
008 221011b ||||| |||| 00| 0 eng d
020 _a2900323074178
041 _aeng
080 _24TH EDITION
_a61
082 _a61
100 _a5
101 _aMJP
245 _aHEALTH ASSESSMENT CLINICAL DIAGNOSIS
_cDAINS J
942 _2udc
_cBK
999 _c58469
_d58469